| 000 | 00558ata a2200205 4500 | ||
|---|---|---|---|
| 005 | 20170214193435.0 | ||
| 008 | 150515b xxu||||| |||| 00| 0 spa d | ||
| 041 | _aspa | ||
| 082 | _a1.4.12 F537m | ||
| 100 |
_aFisher, William P _917470 |
||
| 245 | _aMarketing creativo: para el servicio de comidas | ||
| 260 |
_aMéxico _bTrillas _c2006 |
||
| 300 | _a259 páginas | ||
| 650 |
_aGASTRONOMÍA _97803 |
||
| 650 |
_aALIMENTOS Y BEBIDAS _91701 |
||
| 650 |
_aRESTAURANTES _91700 |
||
| 650 |
_aCAFETERÍAS _97451 |
||
| 650 |
_aMERCADOTECNIA _9800 |
||
| 942 | _cBK | ||
| 999 |
_c5550 _d5550 |
||